• 首页
  • 本馆介绍
  • 公告通知
  • 最新文献
  • 馆藏检索
  • 电子资源
  • 读者导购
  • 参考咨询
  • 我的图书馆
  • 登录
  • 详细信息显示
  • 放入我的书架
  • 预约/预借图书
  • 作者相关作品
  • 分类相关作品
  • 丛书相关作品
  • 出版社相关作品

书目信息

  • 表格格式
  • 工作单格式
  • 卡片格式
题名:
消防安全知识
    
 
作者: 李思佳 , 黄郑华 , 李建华 主编
分册:  
出版信息: 北京   中国劳动社会保障出版社  2017
页数: 199页
开本: 19cm
丛书名:
单 册:
中图分类: TU998.1
科图分类:
主题词: 市政工程 , 城市公共设施
电子资源:
ISBN: 7-5167-3195-1
000 00760nam0 2200241 450
001 2259360693
005 20221011085754.55
010    @a7-5167-3195-1@dCNY18.00
100    @a20221010d2017 km y0chiy0120 ea
101 0  @achi
102    @aCN@b110000
200 1  @a消防安全知识@AXiao Fang An Quan Zhi Shi@f李思佳 ,黄郑华,李建华主编@FLi Si Jia,Huang Zheng Hua,Li Jian Hua Zhu Bian
205    @a第三版
210    @a北京@c中国劳动社会保障出版社@d2017
215    @a199页@d19cm
606 0  @a市政工程
606 0  @a城市公共设施
690    @aTU998.1@v4
701  0 @a李思佳@ALi Si Jia@4主编
701  0 @a黄郑华@AHuang Zheng Hua@4主编
701  0 @a李建华@ALi Jian Hua@4主编
801  0 @aCN@b大连网信软件有限公司图书馆·11@c20221011
905    @aZUCC@dTU998.1@e2115=3
    
    消防安全知识/李思佳 ,黄郑华,李建华主编.-第三版.-北京:中国劳动社会保障出版社,2017
    199页;19cm
    
    
    ISBN 7-5167-3195-1:CNY18.00
    
●
相关链接 在E读中查询图书 在五车中查询图书 在当当中查询图书 在豆瓣中查询图书


正题名:消防安全知识     索取号:TU998.1/2115=3         预约/预借

序号 登录号 条形码 馆藏地/架位号 状态 备注
1 1052564   210525644   第二样本阅览室/ [索取号:TU998.1/2115=3] 在馆    
唐山师范学院图书馆 欢迎您!
大连网信软件有限公司© 版权所有